Czechia or Slovakia? - Statistics

General Stats
  • This quiz has been taken 89 times
  • The average score is 9 of 15
Answer Stats
Question Answer % Correct
Has a larger territory and larger population. Czechia
89%
Has a significant Hungarian minority. Slovakia
85%
Its official language belongs to the Slavic group of Indo-European languages. Both
84%
Has a mountain that's over 2000 metres tall. Slovakia
83%
Its capital city is right on the national border. Slovakia
81%
Uses the Euro currency. Slovakia
81%
The river Danube flows through its territory. Slovakia
80%
Its beer consumption per capita is over 100 litres per year. Czechia
73%
Has a territory north of the 50th parallel. Czechia
60%
The motorway from its capital city to its second largest city is already finished. Czechia
59%
Is officially recognized by Bhutan. Both
43%
More than half a million of its residents spend their holidays in Croatia at least once a year. Both
28%
Has a significant German minority. Neither
15%
More than a third of its electric energy comes from nuclear power plants. Both
14%
Has a documented history of silver coin minting in the 14th century. Both
10%
No matching quizzes found
Score Distribution
Percent of People with Each Score
Percentile by Number Answered
Your Score History
You have not taken this quiz